000 01555cam a2200385 a 4500
001 16569078
003 OSt
005 20150408113917.0
008 110907s2010 nyua 001 0 eng d
010 _a 2010549526
020 _a9780230208001
020 _a0230208002
035 _a(OCoLC)ocn495598210
040 _aUKM
_cدار اجنادين
_dYDXCP
_dDEBBG
_dBTCTA
_dBWK
_dC#P
_dBWX
_dCDX
_dVP@
_dDLC
042 _alccopycat
082 _221
_a420
_bK K I
100 1 _aKuiper, Koenraad.
_94001
245 1 3 _aAn introduction to English language :
_bword, sound and sentence /
_cKoenraad Kuiper and W. Scott Allan.
250 _a3rd ed.
260 _aNew York :
_bPalgrave Macmillan,
_c2010.
300 _axxii, 364 p. :
_bsome ill. ;
_c26 cm.
500 _aPrevious ed.: 2004.
500 _aIncludes index.
650 0 _aEnglish language.
650 0 _aEnglish language
_vProblems, exercises, etc.
650 0 _aEnglish language
_vTextbooks for foreign speakers.
_94002
650 0 _aLinguistics.
_93419
700 1 _aAllan, W. Scott,
_d1958-
_94003
856 4 2 _3Contributor biographical information
_uhttp://www.loc.gov/catdir/enhancements/fy1112/2010549526-b.html
856 4 2 _3Publisher description
_uhttp://www.loc.gov/catdir/enhancements/fy1112/2010549526-d.html
856 4 1 _3Table of contents only
_uhttp://www.loc.gov/catdir/enhancements/fy1112/2010549526-t.html
906 _a7
_bcbc
_ccopycat
_d2
_encip
_f20
_gy-gencatlg
942 _2ddc
_cDVD
999 _c14248
_d248748